000 00610nam a2200181Ia 4500
008 090123s9999 xx 000 0 und d
082 _b4640
_a891.463/खांडेकर
100 _aखांडेकर वि.स.
245 _aरिकामा देव्हारा
250 _a4
260 _bविश्वकर्मा मु.
_c1977
300 _a174
600 _aखांडेकर वि.स.
630 _aरिकामा देव्हारा
700 _aखांडेकर वि.स.
730 _aरिकामा देव्हारा
942 _cBOOK
999 _c42715
_d42715